[Event "Plzen op-A U18"]
[Site "Plzen"]
[Date "1996.??.??"]
[Round "6"]
[White "Hrbolka, Ladislav Jr"]
[Black "Soukup, Jiri"]
[Result "0-1"]
[WhiteElo "1905"]
[BlackElo "1885"]
[PlyCount "100"]
[EventDate "1996.??.??"]
[EventRounds "9"]
[EventCountry "CZE"]
[Source "ChessBase"]
[SourceDate "1996.11.15"]

1. e4 e5 2. Bc4 Bc5 3. Nf3 Nc6 4. d3 Nf6 5. Bg5 h6 6. Bxf6 Qxf6 7. Nc3 Ne7 8.
Nd5 Nxd5 9. Bxd5 c6 10. Bb3 d6 11. h3 Bd7 12. Qd2 g5 13. Nh2 h5 14. Nf1 O-O-O
15. Ne3 Rdg8 16. O-O-O g4 17. h4 Rg7 18. c3 Bb6 19. d4 exd4 20. cxd4 Qf4 21.
Bc2 Bd8 22. d5 c5 23. g3 Qf6 24. Rhe1 Re8 25. Kb1 Rgg8 26. Re2 Bc7 27. Rde1 Qd8
28. Nd1 Re5 29. Nc3 Ba5 30. Qf4 Rf8 31. Qc1 b5 32. a3 Kb8 33. Rd1 Qb6 34. Re3
Rc8 35. Ne2 b4 36. axb4 Bxb4 37. Nc3 c4 38. Ba4 Bxa4 39. Nxa4 Qa5 40. Nc3 Ka8
41. Kc2 Rce8 42. Rde1 Bc5 43. R3e2 Bd4 44. Qb1 Rb8 45. Qa1 Qb6 46. Rf1 Qb3+ 47.
Kc1 Re7 48. f3 Reb7 49. Qa2 Bxc3 50. Qxb3 Rxb3 0-1

[Event "Plzen op-A U18"]
[Site "Plzen"]
[Date "1996.??.??"]
[Round "3"]
[White "Jirovsky, Petr"]
[Black "Brandt, Silvio"]
[Result "1-0"]
[WhiteElo "2305"]
[BlackElo "1830"]
[PlyCount "55"]
[EventDate "1996.??.??"]
[EventRounds "9"]
[EventCountry "CZE"]
[Source "ChessBase"]
[SourceDate "1996.11.15"]

1. e4 c5 2. Nc3 Nc6 3. f4 d6 4. Nf3 g6 5. Bc4 Bg7 6. O-O e6 7. d3 Nge7 8. Qe1
O-O 9. f5 exf5 10. Qh4 Qd7 11. Bh6 f4 12. h3 Nd4 13. Bxf4 b5 14. Ng5 h5 15.
Bxf7+ Rxf7 16. Nxf7 Kxf7 17. Bh6+ Nef5 18. exf5 Nxf5 19. Bxg7 Kxg7 20. Qf4 Bb7
21. g4 hxg4 22. hxg4 Nh6 23. Rae1 Nxg4 24. Ne4 Bxe4 25. Rxe4 Ne5 26. Qf6+ Kg8
27. Rh4 Qg7 28. Qe6+ 1-0

[Event "Plzen op-A U18"]
[Site "Plzen"]
[Date "1996.??.??"]
[Round "7"]
[White "Jirovsky, Petr"]
[Black "Jurasek, Miroslav"]
[Result "1/2-1/2"]
[WhiteElo "2305"]
[BlackElo "2270"]
[PlyCount "39"]
[EventDate "1996.??.??"]
[EventRounds "9"]
[EventCountry "CZE"]
[Source "ChessBase"]
[SourceDate "1996.11.15"]

1. e4 c5 2. Nf3 Nc6 3. d4 cxd4 4. Nxd4 Nf6 5. Nc3 d6 6. Be3 Ng4 7. Bb5 Nxe3 8.
fxe3 Bd7 9. Bxc6 bxc6 10. O-O e6 11. Qf3 Qf6 12. Qe2 Qg5 13. Rf3 Qc5 14. Raf1
f6 15. Rg3 Ke7 16. Qa6 Qb6 17. Qc4 a5 18. a4 Qa6 19. Qb3 Ra7 20. Qa3 1/2-1/2

[Event "Plzen op-A U18"]
[Site "Plzen"]
[Date "1996.??.??"]
[Round "5"]
[White "Jirovsky, Petr"]
[Black "Voller, Jiri"]
[Result "1/2-1/2"]
[WhiteElo "2305"]
[BlackElo "2250"]
[PlyCount "86"]
[EventDate "1996.??.??"]
[EventRounds "9"]
[EventCountry "CZE"]
[Source "ChessBase"]
[SourceDate "1996.11.15"]

1. e4 c5 2. Nc3 Nc6 3. f4 g6 4. Nf3 Bg7 5. Bc4 e6 6. O-O Nge7 7. Qe1 Nd4 8.
Nxd4 cxd4 9. Ne2 O-O 10. Bb3 d5 11. e5 f6 12. exf6 Bxf6 13. d3 Nc6 14. Bd2 Qd6
15. Qg3 Bd7 16. Rf3 Ne7 17. Raf1 Nf5 18. Qe1 Rf7 19. g4 Ne3 20. Bxe3 dxe3 21.
d4 Bb5 22. c3 Bh4 23. Qd1 Bf2+ 24. R1xf2 exf2+ 25. Rxf2 Bxe2 26. Qxe2 Raf8 27.
Bc2 Rxf4 28. Rxf4 Rxf4 29. Kg2 Kg7 30. Bd3 Qe7 31. Kg3 Qf6 32. Bf5 Rxf5 33.
gxf5 Qxf5 34. Qb5 Qg5+ 35. Kf3 Qh5+ 36. Kg3 Qg5+ 37. Kf3 Qf5+ 38. Kg3 Qf7 39.
Qc5 a6 40. Qb6 h5 41. h4 Kh7 42. a4 Qd7 43. Kg2 Qf7 1/2-1/2

[Event "Plzen op-A U18"]
[Site "Plzen"]
[Date "1996.??.??"]
[Round "8"]
[White "Jurasek, Miroslav"]
[Black "Blazkova, Petra"]
[Result "1-0"]
[WhiteElo "2270"]
[BlackElo "2215"]
[PlyCount "67"]
[EventDate "1996.??.??"]
[EventRounds "9"]
[EventCountry "CZE"]
[Source "ChessBase"]
[SourceDate "1996.11.15"]

1. e4 c5 2. Nf3 d6 3. d4 cxd4 4. Nxd4 Nf6 5. Nc3 a6 6. Bc4 e6 7. Bb3 Nbd7 8.
Be3 Nc5 9. f3 b5 10. g4 Bb7 11. g5 Nfd7 12. Qe2 b4 13. Na4 Qa5 14. a3 Nxa4 15.
axb4 Qxb4+ 16. c3 Nxc3 17. bxc3 Qxc3+ 18. Kf2 Nc5 19. Bc4 Rc8 20. Rhc1 Qb4 21.
Rab1 Qa3 22. Rxb7 Be7 23. Bxa6 O-O 24. Rxe7 Rb8 25. Bb5 Rfc8 26. Rc2 d5 27. Nc6
Rxc6 28. Bxc6 Nd3+ 29. Kg2 d4 30. Re8+ Rxe8 31. Bxe8 dxe3 32. Qxe3 e5 33. Kg3
Qa6 34. Bb5 1-0

[Event "Plzen op-A U18"]
[Site "Plzen"]
[Date "1996.??.??"]
[Round "6"]
[White "Jurasek, Miroslav"]
[Black "Staszko, Martin"]
[Result "1-0"]
[WhiteElo "2270"]
[BlackElo "2175"]
[PlyCount "89"]
[EventDate "1996.??.??"]
[EventRounds "9"]
[EventCountry "CZE"]
[Source "ChessBase"]
[SourceDate "1996.11.15"]

1. e4 e6 2. d4 d5 3. Nc3 Bb4 4. e5 c5 5. a3 Bxc3+ 6. bxc3 Ne7 7. Nf3 Nbc6 8.
Be2 Bd7 9. O-O Qc7 10. a4 b6 11. Ne1 h6 12. g3 c4 13. Ba3 O-O-O 14. Ng2 Rdg8
15. Ne3 Kb7 16. Bf3 Qd8 17. Qe2 f5 18. exf6 gxf6 19. Bh5 Be8 20. Bxe8 Rxe8 21.
Qf3 Ng6 22. Rad1 Rh7 23. Ng2 h5 24. h4 f5 25. Bc1 Qd7 26. Bg5 Nd8 27. Ra1 Nc6
28. Rfd1 Qc7 29. Rd2 Nb8 30. Re2 Qc6 31. Ne3 Rhh8 32. Ng2 Na6 33. Bf4 Nc7 34.
Rae1 Kc8 35. Re3 Nf8 36. Bxc7 Kxc7 37. Nf4 Qxa4 38. Nxd5+ Kc8 39. Nb4 Rh6 40.
Qa8+ Kc7 41. Na6+ Kd6 42. Qxa7 Nd7 43. Qc7+ Ke7 44. Nb4 Kf8 45. Nc6 1-0

[Event "Plzen op-A U18"]
[Site "Plzen"]
[Date "1996.??.??"]
[Round "2"]
[White "Jurasek, Miroslav"]
[Black "Svab, Jan"]
[Result "1-0"]
[WhiteElo "2270"]
[BlackElo "1930"]
[PlyCount "69"]
[EventDate "1996.??.??"]
[EventRounds "9"]
[EventCountry "CZE"]
[Source "ChessBase"]
[SourceDate "1996.11.15"]

1. e4 c5 2. Nf3 Nc6 3. d4 cxd4 4. Nxd4 Nf6 5. Nc3 e5 6. Ndb5 d6 7. Bg5 a6 8.
Na3 b5 9. Nd5 Be7 10. Bxf6 Bxf6 11. c3 O-O 12. Nc2 Ne7 13. Nxf6+ gxf6 14. Bd3
d5 15. exd5 Qxd5 16. Ne3 Qe6 17. O-O f5 18. Re1 e4 19. Bc2 Bb7 20. Qh5 f4 21.
Qg5+ Ng6 22. Nf5 f6 23. Nd4 Qf7 24. Qf5 Rfd8 25. Bb3 Bd5 26. Ne6 Bxb3 27. Nxd8
Qd5 28. Qxf6 Rxd8 29. axb3 Rd6 30. c4 Qc5 31. Qc3 b4 32. Qc2 e3 33. Rad1 Rxd1
34. Rxd1 f3 35. fxe3 1-0

[Event "Plzen op-A U18"]
[Site "Plzen"]
[Date "1996.??.??"]
[Round "7"]
[White "Klimes, Martin"]
[Black "Koubkova, Alena"]
[Result "0-1"]
[WhiteElo "2030"]
[BlackElo "1900"]
[PlyCount "71"]
[EventDate "1996.??.??"]
[EventRounds "9"]
[EventCountry "CZE"]
[Source "ChessBase"]
[SourceDate "1996.11.15"]

1. e4 d5 2. exd5 Nf6 3. d4 Nxd5 4. c4 Nb6 5. Nf3 g6 6. Nc3 Bg7 7. h3 O-O 8. Be3
Nc6 9. Qd2 e5 10. d5 Ne7 11. O-O-O Nf5 12. Bc5 Re8 13. g4 Nd6 14. Bxd6 cxd6 15.
Bd3 Bd7 16. Rdg1 Qc7 17. b3 a5 18. Kc2 a4 19. Ra1 axb3+ 20. axb3 Rxa1 21. Rxa1
e4 22. Bxe4 Rxe4 23. Nxe4 Bxa1 24. Qg5 Bg7 25. Kd3 Nc8 26. Nf6+ Bxf6 27. Qxf6
b5 28. Ng5 bxc4+ 29. bxc4 Be8 30. Ne4 Qa5 31. Qb2 Qb6 32. Nf6+ Kf8 33. Nxh7+
Ke7 34. Qe2+ Kd8 35. Nf6 Qb1+ 36. Ke3 0-1

[Event "Plzen op-A U18"]
[Site "Plzen"]
[Date "1996.??.??"]
[Round "3"]
[White "Klimes, Martin"]
[Black "Simacek, Pavel"]
[Result "0-1"]
[WhiteElo "2030"]
[BlackElo "2285"]
[PlyCount "54"]
[EventDate "1996.??.??"]
[EventRounds "9"]
[EventCountry "CZE"]
[Source "ChessBase"]
[SourceDate "1996.11.15"]

1. e4 d5 2. exd5 Nf6 3. d4 Nxd5 4. c4 Nb6 5. h3 e5 6. Be3 exd4 7. Qxd4 Qxd4 8.
Bxd4 Nc6 9. Bc3 Na4 10. Nf3 Bf5 11. Be2 O-O-O 12. O-O Bc5 13. Nh4 Bxb1 14.
Raxb1 Nxc3 15. bxc3 Rd2 16. Bg4+ Kb8 17. Bf3 Nd8 18. a4 c6 19. Nf5 g6 20. Ng3
f5 21. Ne2 Ne6 22. a5 Kc7 23. a6 bxa6 24. Ra1 Ng5 25. Nf4 Bd6 26. Rxa6 Nxf3+
27. gxf3 Bxf4 0-1

[Event "Plzen op-A U18"]
[Site "Plzen"]
[Date "1996.??.??"]
[Round "1"]
[White "Klimes, Martin"]
[Black "Sluka, Radek"]
[Result "1/2-1/2"]
[WhiteElo "2030"]
[BlackElo "2320"]
[PlyCount "87"]
[EventDate "1996.??.??"]
[EventRounds "9"]
[EventCountry "CZE"]
[Source "ChessBase"]
[SourceDate "1996.11.15"]

1. e4 c5 2. d4 cxd4 3. c3 dxc3 4. Nxc3 Nc6 5. Nf3 e6 6. Bc4 Qc7 7. O-O Nf6 8.
Nb5 Qb8 9. e5 Nxe5 10. Nxe5 Qxe5 11. Re1 Qc5 12. Bf1 a6 13. Be3 Qc6 14. Na7 Qd6
15. Rc1 Qxd1 16. Rexd1 Bb4 17. Nxc8 Nd5 18. Nb6 Nxe3 19. fxe3 Rd8 20. Nxd7 Ke7
21. Ne5 Rd2 22. Rxd2 Bxd2 23. Rc7+ Kd6 24. Rd7+ Kxe5 25. Rxd2 Rc8 26. Kf2 Rc7
27. Bd3 f5 28. Rc2 Rd7 29. Ke2 g5 30. Rc8 Rg7 31. Rh8 g4 32. g3 Rc7 33. Kd2 Kd5
34. Re8 Rg7 35. b3 Rg6 36. Re7 Rh6 37. Rxb7 Rxh2+ 38. Be2 h5 39. Rh7 Ke4 40.
Rh6 Kd5 41. b4 e5 42. Rxa6 h4 43. gxh4 f4 44. exf4 1/2-1/2

[Event "Plzen op-A U18"]
[Site "Plzen"]
[Date "1996.??.??"]
[Round "5"]
[White "Klimes, Martin"]
[Black "Stankova, Zuzana"]
[Result "0-1"]
[WhiteElo "2030"]
[BlackElo "2105"]
[PlyCount "53"]
[EventDate "1996.??.??"]
[EventRounds "9"]
[EventCountry "CZE"]
[Source "ChessBase"]
[SourceDate "1996.11.15"]

1. e4 c5 2. d4 cxd4 3. c3 Nf6 4. e5 Nd5 5. cxd4 Nc6 6. Nf3 e6 7. Bc4 Nb6 8. Bb3
d5 9. O-O Be7 10. Nc3 O-O 11. Re1 Re8 12. Bf4 Nd7 13. Bc2 a6 14. Qd3 Nf8 15. a3
Ng6 16. Bg3 Bd7 17. h4 Na5 18. h5 Nf8 19. Nd2 Rc8 20. Bf4 Nc6 21. Nb3 b5 22. a4
Nb4 23. Qd1 Nxc2 24. Qxc2 b4 25. Qd3 bxc3 26. bxc3 Rc4 27. Re3 0-1

[Event "Plzen op-A U18"]
[Site "Plzen"]
[Date "1996.??.??"]
[Round "9"]
[White "Koubkova, Alena"]
[Black "Blecha, Milan"]
[Result "0-1"]
[WhiteElo "1900"]
[BlackElo "1915"]
[PlyCount "94"]
[EventDate "1996.??.??"]
[EventRounds "9"]
[EventCountry "CZE"]
[Source "ChessBase"]
[SourceDate "1996.11.15"]

1. e4 c5 2. Nc3 Nc6 3. g3 g6 4. Bg2 Bg7 5. d3 e6 6. Be3 d6 7. Qd2 Rb8 8. Nf3
Nd4 9. Bxd4 cxd4 10. Nb5 Qb6 11. Qb4 Kd7 12. e5 dxe5 13. Nd2 a5 14. Qa4 Kd8 15.
Nc4 Qa6 16. Nbd6 Nh6 17. Nxc8 Rxc8 18. Kd2 Ra8 19. b4 Bf8 20. b5 Qa7 21. a3 Qb8
22. Rhe1 f6 23. f4 Nf7 24. b6 Bh6 25. Nxa5 Nd6 26. Kd1 Qc8 27. Qb4 Bf8 28. Nc4
Nxc4 29. Qxc4 Qxc4 30. dxc4 Rxa3 31. Rxa3 Bxa3 32. fxe5 f5 33. Bxb7 Bc5 34. Kd2
Bb4+ 35. Ke2 Bxe1 36. Kxe1 Kd7 37. Ba6 Rb8 38. b7 Kc6 39. Kd2 Kb6 40. Bb5 Rxb7
41. Kd3 Kc5 42. Ba4 g5 43. Bb5 h5 44. Be8 h4 45. gxh4 gxh4 46. Bh5 Ra7 47. Be8
Ra3+ 0-1

[Event "Plzen op-A U18"]
[Site "Plzen"]
[Date "1996.??.??"]
[Round "5"]
[White "Koubkova, Alena"]
[Black "Cichy, Miroslav"]
[Result "0-1"]
[WhiteElo "1900"]
[BlackElo "1925"]
[PlyCount "73"]
[EventDate "1996.??.??"]
[EventRounds "9"]
[EventCountry "CZE"]
[Source "ChessBase"]
[SourceDate "1996.11.15"]

1. e4 c5 2. Nc3 Nc6 3. g3 g6 4. Bg2 Bg7 5. d3 d6 6. Be3 e6 7. Qd2 Nge7 8. Bh6
Bxh6 9. Qxh6 Nd4 10. Qd2 Qc7 11. Nce2 Bd7 12. c3 Nxe2 13. Nxe2 Bc6 14. O-O
O-O-O 15. b4 f5 16. a4 e5 17. b5 Be8 18. Rfb1 Qd7 19. c4 Rf8 20. Qa5 Kb8 21.
exf5 gxf5 22. Nc3 Bh5 23. b6 a6 24. Nb5 f4 25. Nc7 f3 26. Bh1 Nc6 27. Qe1 Nd4
28. Ra2 Ne2+ 29. Rxe2 fxe2 30. Qa5 Qf5 31. f4 Qxd3 32. Re1 Qe3+ 33. Kg2 Bf3+
34. Kh3 Rf5 35. g4 Bxg4+ 36. Kxg4 Qxf4+ 37. Kh3 0-1

[Event "Plzen op-A U18"]
[Site "Plzen"]
[Date "1996.??.??"]
[Round "3"]
[White "Koubkova, Alena"]
[Black "Stankova, Zuzana"]
[Result "1/2-1/2"]
[WhiteElo "1900"]
[BlackElo "2105"]
[PlyCount "56"]
[EventDate "1996.??.??"]
[EventRounds "9"]
[EventCountry "CZE"]
[Source "ChessBase"]
[SourceDate "1996.11.15"]

1. e4 c5 2. Nc3 d6 3. g3 Nc6 4. Bg2 Nf6 5. d3 e6 6. Nf3 a6 7. O-O Be7 8. d4
cxd4 9. Nxd4 e5 10. Nf3 O-O 11. Bg5 b5 12. Qd3 Bb7 13. Bxf6 Bxf6 14. Rad1 Be7
15. Nd5 Re8 16. Nxe7+ Nxe7 17. Nh4 Qa5 18. Qb3 Rad8 19. Rd3 Qa4 20. Qxa4 bxa4
21. Rfd1 Nc8 22. Nf5 Re6 23. f3 Kf8 24. Bh3 Rf6 25. Kg2 g5 26. Ne3 h5 27. Bxc8
Bxc8 28. Nc4 Ke7 1/2-1/2

[Event "Plzen op-A U18"]
[Site "Plzen"]
[Date "1996.??.??"]
[Round "1"]
[White "Koubkova, Alena"]
[Black "Taus, Martin"]
[Result "1/2-1/2"]
[WhiteElo "1900"]
[BlackElo "2160"]
[PlyCount "48"]
[EventDate "1996.??.??"]
[EventRounds "9"]
[EventCountry "CZE"]
[Source "ChessBase"]
[SourceDate "1996.11.15"]

1. e4 e6 2. d4 d5 3. e5 c5 4. c3 Qb6 5. Nf3 Bd7 6. Be2 cxd4 7. cxd4 Bb5 8. O-O
Bxe2 9. Qxe2 Ne7 10. Nc3 Nec6 11. Be3 Be7 12. Rad1 Nd7 13. Qd2 O-O 14. h4 Rfc8
15. h5 Rc7 16. Ng5 Rac8 17. Qd3 Bxg5 18. Bxg5 Qxb2 19. Nb5 Nb4 20. Qg3 Nxa2 21.
Nxc7 Nc3 22. Rde1 Rxc7 23. Bf6 g6 24. Qf4 Qb4 1/2-1/2

[Event "Plzen op-A U18"]
[Site "Plzen"]
[Date "1996.??.??"]
[Round "9"]
[White "Kovar, Vojtech"]
[Black "Hrbolka, Ladislav Jr"]
[Result "0-1"]
[WhiteElo "1905"]
[BlackElo "1905"]
[PlyCount "76"]
[EventDate "1996.??.??"]
[EventRounds "9"]
[EventCountry "CZE"]
[Source "ChessBase"]
[SourceDate "1996.11.15"]

1. e4 c5 2. Nf3 d6 3. d4 cxd4 4. Nxd4 Nf6 5. Nc3 a6 6. Bg5 e6 7. f4 b5 8. Qf3
Bb7 9. Bd3 Be7 10. O-O-O Nbd7 11. Rhe1 Qc7 12. Qh3 b4 13. Na4 Rc8 14. Bxf6 Bxf6
15. Nf3 Qa5 16. e5 dxe5 17. fxe5 Nxe5 18. Nxe5 Bxe5 19. Nb6 Bf4+ 20. Kb1 Qxb6
21. Bg6 hxg6 22. Qxh8+ Ke7 23. Qxg7 Qf2 24. Ka1 Bxg2 25. h4 Bf3 26. Rd7+ Kxd7
27. Qxf7+ Kc6 28. Rxe6+ Bd6 29. Rxd6+ Kxd6 30. Qxg6+ Kc7 31. Qf7+ Kb8 32. Qf4+
Ka7 33. Qf7+ Ka8 34. a4 Qf1+ 35. Ka2 Qc4+ 36. Qxc4 Rxc4 37. Kb3 Rxh4 38. c3
bxc3 0-1

[Event "Plzen op-A U18"]
[Site "Plzen"]
[Date "1996.??.??"]
[Round "5"]
[White "Kovar, Vojtech"]
[Black "Mazur, David"]
[Result "1/2-1/2"]
[WhiteElo "1905"]
[BlackElo "1960"]
[PlyCount "71"]
[EventDate "1996.??.??"]
[EventRounds "9"]
[EventCountry "CZE"]
[Source "ChessBase"]
[SourceDate "1996.11.15"]

1. d4 Nf6 2. Nf3 g6 3. Bg5 Bg7 4. e3 c5 5. c3 Qb6 6. Qb3 Qxb3 7. axb3 d6 8.
Nbd2 O-O 9. Bxf6 Bxf6 10. Ne4 Bg7 11. dxc5 Bf5 12. Nfd2 Bxe4 13. Nxe4 d5 14.
Nd2 Nd7 15. b4 a5 16. bxa5 Nxc5 17. Bb5 Rfd8 18. Ke2 Na6 19. Nb3 e6 20. Rhd1
Rdc8 21. e4 Nc5 22. a6 bxa6 23. Nxc5 Rxc5 24. Bxa6 Rb8 25. Rab1 Ra5 26. Bd3
dxe4 27. Bxe4 Rab5 28. Rd2 Bxc3 29. bxc3 Rxb1 30. Bxb1 Rxb1 31. Rc2 Kf8 32. c4
Rb8 33. Kf3 Ke7 34. Kg4 f6 35. h4 h5+ 36. Kf4 1/2-1/2

[Event "Plzen op-A U18"]
[Site "Plzen"]
[Date "1996.??.??"]
[Round "2"]
[White "Kovar, Vojtech"]
[Black "Prokop, Jacek"]
[Result "0-1"]
[WhiteElo "1905"]
[BlackElo "1980"]
[PlyCount "92"]
[EventDate "1996.??.??"]
[EventRounds "9"]
[EventCountry "CZE"]
[Source "ChessBase"]
[SourceDate "1996.11.15"]

1. d4 g6 2. Nf3 Bg7 3. Bg5 d6 4. e3 c5 5. c3 b6 6. Bd3 Bb7 7. Nbd2 Nf6 8. Qc2
O-O 9. h4 h5 10. Bxf6 exf6 11. O-O-O cxd4 12. Nxd4 Nc6 13. N2f3 Nxd4 14. Nxd4
Rc8 15. Rhg1 f5 16. Bxf5 Bxd4 17. Bxc8 Bxe3+ 18. fxe3 Bxc8 19. Rd4 Re8 20. Rgd1
Bg4 21. Rxd6 Qe7 22. R1d4 Qxe3+ 23. Rd2 Qe1+ 24. Rd1 Bxd1 25. Qxd1 Qxh4 26. Qd5
Re2 27. Rxg6+ Kf8 28. Qd8+ Re8 29. Rg8+ Kxg8 30. Qxe8+ Kg7 31. Qe5+ Kg6 32.
Qd6+ f6 33. Qd3+ f5 34. Kd2 Qf4+ 35. Ke2 h4 36. Qd5 Qg4+ 37. Qf3 Qc4+ 38. Ke3
Qxa2 39. Qc6+ Kg5 40. Qd7 Qg8 41. Qe7+ Kh5 42. Qxa7 Qg3+ 43. Kd4 Qxg2 44. Qh7+
Kg4 45. Qg6+ Kh3 46. Qf6 Qe4# 0-1

[Event "Plzen op-A U18"]
[Site "Plzen"]
[Date "1996.??.??"]
[Round "4"]
[White "Kovar, Vojtech"]
[Black "Rozmbersky, David"]
[Result "0-1"]
[WhiteElo "1905"]
[BlackElo "2025"]
[PlyCount "60"]
[EventDate "1996.??.??"]
[EventRounds "9"]
[EventCountry "CZE"]
[Source "ChessBase"]
[SourceDate "1996.11.15"]

1. e4 e6 2. d4 d5 3. Nd2 Nf6 4. e5 Nfd7 5. Bd3 c5 6. c3 Nc6 7. Ne2 Qb6 8. Nf3
f6 9. exf6 Nxf6 10. O-O Bd6 11. Re1 O-O 12. Qb3 Qxb3 13. axb3 e5 14. dxe5 Nxe5
15. Nxe5 Bxe5 16. Be3 b6 17. b4 Ng4 18. Ng3 cxb4 19. Bxb6 bxc3 20. h3 cxb2 21.
Rxa7 Rxa7 22. Bxa7 Bc3 23. Rb1 Ne5 24. Ne2 Nxd3 25. Nxc3 Rf4 26. Nxd5 Rc4 27.
Be3 Be6 28. Nf4 Nxf4 29. Bxf4 Rc2 30. Kh2 Ba2 0-1

[Event "Plzen op-A U18"]
[Site "Plzen"]
[Date "1996.??.??"]
[Round "2"]
[White "Kracik, Dobroslav"]
[Black "Hitzgerova, Gabriela"]
[Result "1-0"]
[WhiteElo "1935"]
[BlackElo "2125"]
[PlyCount "77"]
[EventDate "1996.??.??"]
[EventRounds "9"]
[EventCountry "CZE"]
[Source "ChessBase"]
[SourceDate "1996.11.15"]

1. e4 c5 2. Nf3 d6 3. d4 cxd4 4. Nxd4 Nf6 5. Nc3 a6 6. Bg5 e6 7. f4 Be7 8. Qf3
Qc7 9. O-O-O Nbd7 10. g4 b5 11. Bxf6 Nxf6 12. g5 Nd7 13. f5 Nc5 14. f6 gxf6 15.
gxf6 Bf8 16. Bh3 Bd7 17. Rhe1 O-O-O 18. a3 Rg8 19. Bg4 Kb8 20. Bh5 Bc8 21. Qe3
Bb7 22. b4 Na4 23. Ncxb5 axb5 24. Nxb5 Qb6 25. Qxb6 Nxb6 26. Bxf7 Rg2 27. Bxe6
Rxh2 28. e5 Bf3 29. Rd4 d5 30. Bf5 Bh6+ 31. Kb1 Bg5 32. Nd6 Rxd6 33. exd6 Bxf6
34. Rf4 Bh5 35. Bxh7 Bc3 36. Re7 Be2 37. Rf8+ Nc8 38. Rxe2 Rxh7 39. Ree8 1-0

[Event "Plzen op-A U18"]
[Site "Plzen"]
[Date "1996.??.??"]
[Round "8"]
[White "Kracik, Dobroslav"]
[Black "Novak, Pavel"]
[Result "1-0"]
[WhiteElo "1935"]
[BlackElo "2005"]
[PlyCount "131"]
[EventDate "1996.??.??"]
[EventRounds "9"]
[EventCountry "CZE"]
[Source "ChessBase"]
[SourceDate "1996.11.15"]

1. e4 e5 2. Nf3 Nc6 3. Bc4 Nf6 4. d3 Be7 5. O-O d5 6. exd5 Nxd5 7. Re1 Bg4 8.
h3 Bh5 9. g4 Bg6 10. Nxe5 O-O 11. Bxd5 Nxe5 12. Bxb7 Rb8 13. Bg2 Bd6 14. Nc3 f5
15. f4 Nd7 16. g5 Nc5 17. d4 Ne4 18. h4 Re8 19. Nxe4 fxe4 20. Qg4 Rb5 21. c4
Bf5 22. Qe2 Rb8 23. Be3 Qd7 24. b3 g6 25. Qf2 h6 26. d5 hxg5 27. hxg5 Bb4 28.
Rec1 Qh7 29. Qg3 Ba3 30. Rc2 Kf7 31. c5 Rbd8 32. Rd1 Re7 33. Bf1 Qh5 34. Rdd2
Bb4 35. Rh2 Qf3 36. Qxf3 exf3 37. Rh7+ Kf8 38. Rxe7 Kxe7 39. Rc4 a5 40. Kf2
Rxd5 41. Kxf3 Rd1 42. Rc1 Rxc1 43. Bxc1 Bxc5 44. Be3 Bb4 45. Bc4 Ba3 46. Bd2
Bb4 47. Ke2 Bd6 48. Ke3 Bc5+ 49. Ke2 Bd6 50. Kf3 Bb4 51. Bc1 Kd6 52. Ke2 Bg4+
53. Ke3 Bc5+ 54. Kd2 Bf5 55. Bd3 Ke6 56. a4 Bd6 57. Bxf5+ Kxf5 58. Kd3 c6 59.
Kc4 Ke6 60. Bd2 Kd7 61. Kd4 Bc7 62. Kc5 Bd6+ 63. Kb6 Bc7+ 64. Kb7 Bd6 65. Bxa5
Bxf4 66. Bb6 1-0

[Event "Plzen op-A U18"]
[Site "Plzen"]
[Date "1996.??.??"]
[Round "4"]
[White "Kracik, Dobroslav"]
[Black "Stojnic, Miodrag"]
[Result "1-0"]
[WhiteElo "1935"]
[BlackElo "2090"]
[PlyCount "65"]
[EventDate "1996.??.??"]
[EventRounds "9"]
[EventCountry "CZE"]
[Source "ChessBase"]
[SourceDate "1996.11.15"]

1. e4 Nf6 2. e5 Nd5 3. d4 d6 4. c4 Nb6 5. Nf3 Bg4 6. exd6 exd6 7. Be2 Be7 8.
O-O O-O 9. b3 c6 10. Bb2 Na6 11. Nc3 Nc7 12. Ne4 d5 13. Ned2 Ne6 14. c5 Nd7 15.
Bd3 Bf6 16. Qc2 g6 17. h3 Bxf3 18. Nxf3 Nf4 19. Bc1 Nxd3 20. Qxd3 Nxc5 21. Qd1
Ne6 22. Be3 Re8 23. Rc1 Qb6 24. Ne5 Qa6 25. f4 Nf8 26. Qf3 Bg7 27. f5 f6 28.
Ng4 Qd3 29. fxg6 hxg6 30. Rcd1 Qe4 31. Qf2 f5 32. Bh6 Bxh6 33. Nf6+ 1-0

[Event "Plzen op-A U18"]
[Site "Plzen"]
[Date "1996.??.??"]
[Round "6"]
[White "Kracik, Dobroslav"]
[Black "Svab, Jan"]
[Result "1/2-1/2"]
[WhiteElo "1935"]
[BlackElo "1930"]
[PlyCount "41"]
[EventDate "1996.??.??"]
[EventRounds "9"]
[EventCountry "CZE"]
[Source "ChessBase"]
[SourceDate "1996.11.15"]

1. e4 e6 2. d4 d5 3. exd5 exd5 4. Bd3 Bd6 5. Nf3 Ne7 6. c3 Bf5 7. Bg5 Bxd3 8.
Qxd3 O-O 9. O-O f6 10. Be3 Ng6 11. Qf5 c6 12. Nbd2 Qd7 13. Qxd7 Nxd7 14. Rfe1
Rfe8 15. Nf1 a5 16. Bd2 a4 17. g3 Kf7 18. Rxe8 Rxe8 19. Re1 Rxe1 20. Nxe1 c5
21. Nf3 1/2-1/2

[Event "Plzen op-A U18"]
[Site "Plzen"]
[Date "1996.??.??"]
[Round "9"]
[White "Kracik, Dobroslav"]
[Black "Voller, Jiri"]
[Result "0-1"]
[WhiteElo "1935"]
[BlackElo "2250"]
[PlyCount "56"]
[EventDate "1996.??.??"]
[EventRounds "9"]
[EventCountry "CZE"]
[Source "ChessBase"]
[SourceDate "1996.11.15"]

1. e4 c5 2. f4 d5 3. exd5 Nf6 4. c4 e6 5. dxe6 Bxe6 6. Nf3 Nc6 7. Be2 Bd6 8. d3
Qc7 9. g3 O-O-O 10. Be3 Rhe8 11. Bf2 Ng4 12. O-O Be7 13. Nbd2 Bf5 14. Qb1 Bf6
15. Ne4 b6 16. a3 h5 17. Ra2 Nxf2 18. Rxf2 Nd4 19. Bf1 Nxf3+ 20. Rxf3 Bd4+ 21.
Rf2 Bxe4 22. dxe4 Bxf2+ 23. Kxf2 Rd2+ 24. Kg1 Qd6 25. e5 Qd4+ 26. Kh1 Qf2 27.
Qf5+ Kb8 28. Qh3 Rd1 0-1

[Event "Plzen op-A U18"]
[Site "Plzen"]
[Date "1996.??.??"]
[Round "2"]
[White "Kupka, Frantisek"]
[Black "Hrbolka, Ladislav Jr"]
[Result "1-0"]
[WhiteElo "2000"]
[BlackElo "1905"]
[PlyCount "85"]
[EventDate "1996.??.??"]
[EventRounds "9"]
[EventCountry "CZE"]
[Source "ChessBase"]
[SourceDate "1996.11.15"]

1. e4 c5 2. Nf3 d6 3. d4 cxd4 4. Nxd4 Nf6 5. Nc3 a6 6. Bc4 e6 7. Bb3 Nbd7 8.
O-O Nc5 9. f4 Nxb3 10. axb3 Qc7 11. Qf3 Be7 12. Kh1 O-O 13. Qg3 Rd8 14. Be3 b6
15. e5 dxe5 16. fxe5 Nd5 17. Bh6 g6 18. Ne4 Bb7 19. Nf3 Ne3 20. Bxe3 Bxe4 21.
Ng5 Bf5 22. c3 Rd5 23. Qh4 h5 24. Bf4 Qb7 25. Qg3 Rad8 26. Nf3 b5 27. b4 Bd3
28. Rfe1 Bc4 29. Be3 Qc8 30. Bg5 Bxg5 31. Qxg5 Kh7 32. Qf6 R5d7 33. Nd4 Bd5 34.
Re3 Qb7 35. Qg5 Rf8 36. Kg1 Bc4 37. Rh3 Qe4 38. Re3 Qb7 39. Rae1 Bd5 40. Rh3
Rh8 41. g4 Bh1 42. gxh5 Kg8 43. Rg3 1-0

[Event "Plzen op-A U18"]
[Site "Plzen"]
[Date "1996.??.??"]
[Round "4"]
[White "Kupka, Frantisek"]
[Black "Koubkova, Alena"]
[Result "1-0"]
[WhiteElo "2000"]
[BlackElo "1900"]
[PlyCount "105"]
[EventDate "1996.??.??"]
[EventRounds "9"]
[EventCountry "CZE"]
[Source "ChessBase"]
[SourceDate "1996.11.15"]

1. e4 d5 2. exd5 Nf6 3. Bb5+ Bd7 4. Bc4 Bg4 5. f3 Bf5 6. Nc3 Nbd7 7. Nge2 Nb6
8. Bb3 g6 9. d4 Bg7 10. Nf4 O-O 11. Be3 Re8 12. Qd2 a5 13. a4 c6 14. dxc6 bxc6
15. O-O Qc7 16. Qf2 Rab8 17. Rfe1 Red8 18. Rad1 Nfd5 19. Nfxd5 cxd5 20. Nb5 Qc6
21. Bf4 Rb7 22. g4 Bc8 23. Qd2 Rbd7 24. Qxa5 Nc4 25. Qc3 Ba6 26. Na3 Qb7 27.
Nb1 Rc8 28. Kg2 Ne5 29. Qd2 Nc4 30. Bxc4 Rxc4 31. c3 Rxa4 32. Na3 e6 33. Be5
Qb6 34. Bxg7 Kxg7 35. Rb1 Rb7 36. Nc2 Bc4 37. Nb4 Qc7 38. Ra1 Rxa1 39. Rxa1 Ra7
40. Rxa7 Qxa7 41. Qe1 Qc7 42. Qe5+ Qxe5 43. dxe5 f6 44. f4 fxe5 45. fxe5 h5 46.
g5 Kf7 47. Kf3 Ke7 48. Ke3 Kd8 49. Kd4 Bb3 50. Kc5 Kc7 51. Nc6 Ba4 52. Nd4 Bd7
53. b4 1-0